| 000 | 00843nam a2200265 a 4500 | ||
|---|---|---|---|
| 001 | 000012381 | ||
| 005 | 20200929163021.0 | ||
| 008 | 091111s1997 sp 000 f spa d | ||
| 020 | _a8432247057 | ||
| 040 |
_aDO-SdBNP _bspa _cBNPHU |
||
| 041 | 1 | 7 |
_aspa _heng _2Código de idioma MARC |
| 082 |
_aPe863.44 _bC346a, 1997 |
||
| 100 | 1 |
_aCastañeda, Carlos, _d19?5-1998. _928954 |
|
| 240 | 1 | 4 |
_aThe art of dreaming. _lEspañol |
| 245 | 1 | 3 |
_aEl arte de ensoñar / _cCarlos Castañeda ; traducción de Nayely Tycho Thal. |
| 250 | _a5a ed. | ||
| 260 |
_aBarcelona : _bSeix Barral, _c1997. |
||
| 300 |
_a255 p. ; _c21 cm. |
||
| 534 |
_pTítulo original: _tThe art of dreaming |
||
| 650 | 4 |
_aNovela peruana _912569 |
|
| 650 | 4 |
_aLiteratura peruana _ySIGLO XX _914789 |
|
| 700 | 1 |
_aTycho Thal, Nayely, _etr. _929080 |
|
| 910 | _aWM | ||
| 049 | _aBNGR | ||
| 999 |
_c12038 _d12038 |
||